LEADER 01110nam a2200205 i 4500 001 000000028178 003 CaOOAMICUS 005 20180830125448.0 008 180830s1959 it u000 u ita u 040 $aSeMil$bita 245 10$aVita di Antonio Rosmini :$bscritta da un sacerdote dell'Istituto della Carità /$criveduta ed aggiornata dal prof. Guido Rossi ; a cura del Comitato Roveretano per le onoranze ad Antonio Rosmini nel Primo Centenario della Morte 1855-1955. 260 $aRovereto :$bManfrini,$c1959. 300 $a2 v. ;$c25 cm. 600 14$aRosmini Serbati, Antonio .$0(OLS)http://semarc/subject/791 700 1 $aComitato Roveretano per le onoranze ad Antonio Rosmini nel Primo Centenario della Morte <1855-1955>.$0(OLS)http://semarc/name/4374 700 1 $aRossi, Guido <1891-1958>.$0(OLS)http://semarc/name/9668 774 0 $tVolume primo.$w()62309 774 0 $tVol. 2.$w()219126 996 $6245$aVita di Antonio Rosmini :$bscritta da un sacerdote dell'Istituto della Carità$9(OLS)http://semarc/title/38228 996 $6260$aRovereto :$bManfrini$9(OLS)http://semarc/publisher/32374 LEADER 01399nam a2200301 i 4500 001 000000034075 003 CaOOAMICUS 005 20081223000000.0 008 081223s1968 it u000 u ita u 013 $a230 040 $aSeMil$bita 100 1 $aValensin, Auguste .$0(OLS)http://semarc/name/5169 240 10$aRegards sur Platon, Descartes, Pascal, Bergson, Blondel.$0(OLS)http://semarc/title/45887 245 10$aProfili :$bPlatone, Cartesio, Pascal, Bergson, Blondel /$cAuguste Valensin. 260 $aMilano :$bIPL,$c1968. 300 $a343 p. ;$c22 cm. 490 0 $aStudi e opinioni ;$v15 600 14$aBlondel, Maurice <1861-1949>.$0(OLS)http://semarc/subject/458 600 14$aPascal, Blaise <1623-1662>.$0(OLS)http://semarc/subject/3508 600 14$aBergson, Henri <1859-1941>.$0(OLS)http://semarc/subject/5584 600 04$aPlatone .$0(OLS)http://semarc/subject/988 600 14$aDescartes, René .$0(OLS)http://semarc/subject/904 830 0$aStudi e opinioni ;$v15.$0(OLS)http://semarc/title/7658 850 $aSeMil 852 $aSeMil$W1$xVenegono$y1$m2P IV 541$j230$B230$CSeMilBibl$Z2$F230 $81 961 $aOmaggio: Ciprandi dott. Paolo 996 $6245$aProfili :$bPlatone, Cartesio, Pascal, Bergson, Blondel$9(OLS)http://semarc/title/45886 996 $6260$aMilano :$bIPL$9(OLS)http://semarc/publisher/30350 LEADER 01142nam a2200253 i 4500 001 000000064739 003 CaOOAMICUS 005 20131015000000.0 008 131015s1961 xx u000 u fre u 013 $a35911 040 $aSeMil$bita 100 1 $aBoismard, Marie-Émile,$c.$0(OLS)http://semarc/name/879 245 10$aQuatre hymnes baptismales dans la première épître de Pierre /$cM.-É. Boismard , O. P. 260 $aParis :$bLes Éditions du Cerf,$ccopyr. 1961. 300 $a173 p. ;$c23 cm. 490 0 $aLectio divina [Cerf] ;$v30 500 $aContiene : Index des textes bibliques. 650 4$aBibbia - NT - Lettere di Pietro 1-2.$0(OLS)http://semarc/subject/5487 650 4$aBibbia - Battesimo.$0(OLS)http://semarc/subject/12627 830 0$aLectio divina ;$v30.$0(OLS)http://semarc/title/8 850 $aSeMil 852 $aSeMil$W1$xVenegono$y1$m2WA K 30$j30892$B30892$CSeMilBibl$Z2$F30895 $81 996 $6245$aQuatre hymnes baptismales dans la première épître de Pierre$9(OLS)http://semarc/title/102599 996 $6260$aParis :$bLes Éditions du Cerf$9(OLS)http://semarc/publisher/29611 LEADER 00743nam a2200205 i 4500 001 000000195338 003 CaOOAMICUS 005 20101210000000.0 008 101210s1967 fr u000 u fre u 013 $a174010 040 $aSeMil$bita 245 10$aMaria Sklodowska Curie. 260 $aVarsovie :$bEd. Polonia,$c1967. 300 $a36 p. :$briccamente ill. ;$c21 cm. 650 4$aSklodowska Curie, Marie <1867-1934>.$0(OLS)http://semarc/subject/36650 850 $aSeMil 852 $aSeMil$W1$xVenegono$y1$m5A XII 8/50$j145907$B145907$CSeMilBibl$Z2$F157423 $81 961 $aOmaggio: Altro 996 $6245$aMaria Sklodowska Curie$9(OLS)http://semarc/title/281800 996 $6260$aVarsovie :$bEd. Polonia$9(OLS)http://semarc/publisher/44101 LEADER 01012nam a2200253 i 4500 001 000000196427 003 CaOOAMICUS 005 20141030000000.0 008 141030s1947 it u000 u fre u 013 $a175109 040 $aSeMil$bita 100 1 $aMasure, Eugène.$0(OLS)http://semarc/name/17870 245 10$aPrêtres diocésains /$cEugène Masure. 260 $aLille :$bÉditions sociales du Nord,$c1947. 300 $a254 p. ;$c19 cm. 500 $aFondo card. Giovanni Colombo. 650 4$aChiesa cattolica - Clero - Spiritualità.$0(OLS)http://semarc/subject/5053 650 4$aChiesa cattolica - Clero diocesano - Spiritualità.$0(OLS)http://semarc/subject/10711 850 $aSeMil 852 $aSeMil$W1$xVenegono$y1$m3GC VI 94$j146990$B146990$CSeMilBibl$Z2$F158578 $8B 941 1 $a3 961 $aLascito: Colombo Card. Giovanni 996 $6245$aPrêtres diocésains$9(OLS)http://semarc/title/283609 996 $6260$aLille :$bÉditions sociales du Nord$9(OLS)http://semarc/publisher/50847 LEADER 01171nam a2200289 i 4500 001 000000119130 003 CaOOAMICUS 005 20031017000000.0 008 031017s1999 it u000 u ita u 013 $a91823 020 $a88-384-4316-5 040 $aSeMil$bita 245 10$aSanti folli della Chiesa d'oriente /$cintroduzione e traduzione a cura di Francesco Maspero. 260 $aCasale Monferrato :$bPiemme,$c1999. 300 $a315 p. ;$c21 cm. 490 0 $aL'anima del mondo ;$v27 500 $aFondo Card. C.M. Martini. 650 4$aSanti - Chiese orientali - Testi.$0(OLS)http://semarc/subject/22285 700 1 $aMaspero, Francesco.$0(OLS)http://semarc/name/3710 830 2$aL'anima del mondo ;$v27.$0(OLS)http://semarc/title/2164 850 $aSeMil 852 $aSeMil$W1$xVenegono$y1$m2C V 547$j74374$B74374$CSeMilBibl$Z2$F96159 $81 941 1 $a4 961 $aOmaggio: Martini Card. Carlo Maria 996 $6020$a88-384-4316-5$9(OLS)http://semarc/number/103923 996 $6245$aSanti folli della Chiesa d'oriente$9(OLS)http://semarc/title/175060 996 $6260$aCasale Monferrato :$bPiemme$9(OLS)http://semarc/publisher/29798 LEADER 01237nam a2200229 i 4500 001 000000052561 003 CaOOAMICUS 005 20130207000000.0 008 130207s1898 xx u000 u lat u 013 $a23733 040 $aSeMil$bita 245 10$aDella nuova disciplina sulla proibizione e sulla censura de' libri, ovvero la Costituzione "Officiorum" brevemente commentata /$cper M. C. G. 250 $aEd. 2. con giunte e correzioni. 260 $aNapoli :$bTipografia degli Artigianelli,$c1898. 300 $a102 p. ;$c21 cm. 650 4$aCensura libraria - Indice dei libri proibiti.$0(OLS)http://semarc/subject/436 650 4$aLeone XIII - Costituzioni apostoliche . Officiorum ac munerum.$0(OLS)http://semarc/subject/10862 700 1 $aGennari, Casimiro .$0(OLS)http://semarc/name/12288 850 $aSeMil 852 $aSeMil$W1$xVenegono$y1$m2H II 43 FA$j18715$B18715$CSeMilBibl$Z2$F18717 $8I 996 $6245$aDella nuova disciplina sulla proibizione e sulla censura de' libri, ovvero la Costituzione "Officiorum" brevemente commentata$9(OLS)http://semarc/title/80684 996 $6260$aNapoli :$bTipografia degli Artigianelli$9(OLS)http://semarc/publisher/41475